000 00770nam a22002657a 4500
001 BR8203334
003 BR-BrBNA
005 20230928091331.0
007 ta
008 230509b bl.||||| |||| 00| 0 por d
040 _aBR-BrBNA
_bpor
_cBiblioteca Nacional de Agricultura
041 _a(Por)
072 _aP05; A50
_b/G514
090 _ P05 BR8203334
110 1 _aComissao Estadual de Energia, Porto Alegre, RS (Brasil)
_92018
245 1 _aConsolidacao das pesquisas em energeticos no Rio Grande do Sul [Recurso energetico, Brasil]
260 3 _aPorto Alegre, RS (Brasil):
_c1982.
300 _a75 p.
650 _aENERGIA
650 _aPESQUISA
650 _aCARVAO MINERAL
650 _aBIOMASSA
909 _a202309
_bLucia
_c55
_dLucia Elande
942 _cBK
999 _c33429
_d33429